| 000 | 00487nam a2200121Ia 4500 | ||
|---|---|---|---|
| 008 | 160712s9999 xx 000 0 und d | ||
| 100 | _aBarrameda, Teresita Villamor. | ||
| 245 |
_cTeresita Villamor Barrameda _aStories Women Tell: Five Rural Women’s Lived Experiences of Survival and Typhoons |
||
| 260 |
_c2012 _bPhilippine Journal of Social Development |
||
| 300 | _avol. 4 | ||
| 650 | _xSOCIAL DEVELOPMENT | ||
| 856 | _uhttp://journals.upd.edu.ph/index.php/pjsd/issue/view/414/showToc | ||
| 999 |
_c297515 _d297515 |
||